Civil litigation brief (Record no. 70593)
[ view plain ]
| 000 -LEADER | |
|---|---|
| fixed length control field | 00677cam a2200193 4500 |
| 001 - CONTROL NUMBER | |
| control field | X118549 |
| 008 - FIXED-LENGTH DATA ELEMENTS--GENERAL INFORMATION | |
| fixed length control field | 020626n2002 000 0 eng u |
| 035 ## - SYSTEM CONTROL NUMBER | |
| System control number | (Sirsi) u118549 |
| 100 ## - MAIN ENTRY--PERSONAL NAME | |
| Personal name | Exall, G |
| 245 ## - TITLE STATEMENT | |
| Title | Civil litigation brief |
| 260 ## - PUBLICATION, DISTRIBUTION, ETC. | |
| Date of publication, distribution, etc. | 2002 |
| 490 ## - SERIES STATEMENT | |
| Series statement | Solicitors' Journal |
| Volume/sequential designation | 146(16) 26 April 2002, 380-381(2) |
| 520 ## - SUMMARY, ETC. | |
| Summary, etc. | Looks at three decisions on procedure and costs relating to recoverability of insurance premiums, costs after a Part 36 offer, and appropriate judge to make summary assessment of costs. |
| 650 ## - SUBJECT ADDED ENTRY--TOPICAL TERM | |
| Topical term or geographic name entry element | INSURANCE PREMIUMS |
| 650 ## - SUBJECT ADDED ENTRY--TOPICAL TERM | |
| Topical term or geographic name entry element | COSTS |
| 650 ## - SUBJECT ADDED ENTRY--TOPICAL TERM | |
| Topical term or geographic name entry element | ACCESS TO JUSTICE ACT 1999 |
| 690 ## - LOCAL SUBJECT ADDED ENTRY--TOPICAL TERM (OCLC, RLIN) | |
| Topical term or geographic name as entry element | Dispute resolution |
| 9 (RLIN) | 6236 |
| 942 ## - ADDED ENTRY ELEMENTS (KOHA) | |
| Suppress in OPAC | 0 |
| Withdrawn status | Lost status | Source of classification or shelving scheme | Damaged status | Not for loan | Home library | Current library | Shelving location | Date acquired | Total Checkouts | Barcode | Date last seen | Copy number | Price effective from | Koha item type |
|---|---|---|---|---|---|---|---|---|---|---|---|---|---|---|
| Dewey Decimal Classification | London | London | Journal article | 26/06/2002 | 118549-1001 | 06/08/2019 | 1 | 06/08/2019 | Journal article |